|
|
|
|
| LEADER |
01931cas a2200265 a 4500 |
| 001 |
AALejournalIMF007141 |
| 008 |
230101c9999 xx r poo 0 0eng d |
| 020 |
|
|
|c 5.00 USD
|
| 020 |
|
|
|z 9781455226030
|
| 022 |
|
|
|a 1018-5941
|
| 040 |
|
|
|a BD-DhAAL
|c BD-DhAAL
|
| 100 |
1 |
|
|a Saxegaard, Magnus.
|
| 245 |
1 |
0 |
|a Corporate and Household Debt Distress in Latvia :
|b Strengthening the Incentives for Market-Based Approach to Debt Resolution /
|c Magnus Saxegaard, Michaela Erbenova, Yan Liu.
|
| 264 |
|
1 |
|a Washington, D.C. :
|b International Monetary Fund,
|c 2011.
|
| 300 |
|
|
|a 1 online resource (25 pages)
|
| 490 |
1 |
|
|a IMF Working Papers
|
| 500 |
|
|
|a <strong>Off-Campus Access:</strong> No User ID or Password Required
|
| 500 |
|
|
|a <strong>On-Campus Access:</strong> No User ID or Password Required
|
| 506 |
|
|
|a Electronic access restricted to authorized BRAC University faculty, staff and students
|
| 520 |
3 |
|
|a This paper reviews Latvia's efforts to manage the increase in debt distress resulting from the unwinding of the 2000-07 credit boom and spillovers from the global financial crisis. The authorities have designed a strategy that strengthens incentives for marked-based debt resolution by improving the legal framework for credit enforcement, introducing tax incentives for debt write-downs, and strengthening financial sector supervision. These measures have started to yield results, but further steps are needed to speed up bankruptcy procedures and reduce credit enforcement costs. Latvia's experience with market-based debt resolution may provide insights on managing debt distress in other countries with limited fiscal resources.
|
| 538 |
|
|
|a Mode of access: Internet
|
| 700 |
1 |
|
|a Erbenova, Michaela.
|
| 700 |
1 |
|
|a Liu, Yan.
|
| 830 |
|
0 |
|a IMF Working Papers; Working Paper ;
|v No. 2011/085
|
| 856 |
4 |
0 |
|z Full text available on IMF
|u http://elibrary.imf.org/view/journals/001/2011/085/001.2011.issue-085-en.xml
|z IMF e-Library
|